British towns and cities - sudden death - Statistics

General Stats
  • This quiz has been taken 652 times
  • The average score is 10 of 16
Answers on the Grid
Answers color-coded by a green-red scale on the quiz's grid according to % correct below.
Belfast
Auckland
Swansea
Sydney
Vancouver
Leeds
Cardiff
Port of Spain
Edinburgh
St. John's
Faversham
Lerwick
Hook of Holland
Warrington
Canton
Derry
Monaghan
Walvis Bay
Glenrothes
Hanover
Seattle
West Bromwich
St. Paul's Bay
Penzance
Port Harcourt
Poole
Armagh
Cox's Bazaar
Royal Leamington Spa
Auchtermuchty
Holetown
Simon's Town
 
Answer Stats
Answer % Correct
Leeds
96%
Cardiff
94%
Edinburgh
91%
Belfast
90%
Swansea
88%
Derry
70%
West Bromwich
69%
Warrington
62%
Poole
58%
Royal Leamington Spa
54%
Lerwick
52%
Penzance
51%
Faversham
47%
Armagh
40%
Glenrothes
35%
Auchtermuchty
21%
No matching quizzes found
Score Distribution
Percent of People with Each Score
Percentile by Number Answered
Your Score History
You have not taken this quiz